000 00802nam a2200253Ia 4500
003 OSt
005 20221005104255.0
006 a|||||r|||| 00| 0
007 ta
008 221004b |||||||| |||| 00| 0 hin d
024 _a16773
037 _cTextual
040 _aCRL
_cCRL
_bhin
041 _2hin
_ahin
082 _aO152:3N18:11, J12
100 _aगुप्त, मन्मथनाथ
245 0 _aअंधेर नगरी
246 _aAandher nagarī
260 _aदिल्ली
_bप्रगति प्रकाशन भारत
_c1952
300 _a218पृ0
_ccm.
650 _aहिन्दी साहित्य
942 _hO152:3N18:11, J12
_cTEXL
_2cc
999 _c1012228
_d1012228